Least religious countries - Statistics

General Stats
  • This quiz has been taken 593 times
  • The average score is 13 of 20
Answer Stats
Non-religious Country % Correct
44% United Kingdom
91%
85% Sweden
89%
72% Norway
86%
60% Finland
85%
49% Germany
82%
80% Denmark
80%
54% France
80%
30% Canada
79%
44% The Netherlands
75%
65% Japan
74%
48% Russia
73%
43% Belgium
69%
49% Estonia
67%
52% South Korea
59%
61% Czech Republic
52%
46% Hungary
44%
38% Slovenia
40%
81% Vietnam
33%
40% Bulgaria
29%
37% Israel
18%
No matching quizzes found
Score Distribution
Percent of People with Each Score
Percentile by Number Answered
Your Score History
You have not taken this quiz